| 000 | 00561nam a2200193 a 4500 | ||
|---|---|---|---|
| 005 | 20250221063813.0 | ||
| 008 | 100203s2007 mx r 000 0 spa d | ||
| 020 | _a9707780975 | ||
| 035 | _aUPN01000174435 | ||
| 049 | _aCG | ||
| 050 | 4 |
_aHQ769 _bF7.2 |
|
| 100 | 1 | _aFracasso, Anselmo | |
| 245 | 1 | 0 |
_aAyude a su hijo a ser feliz / _cAnselmo Fracasso ; tr. Daniel E. Ferrero. |
| 260 |
_aMéxico : _bNueva Palabra, _c2007. |
||
| 300 | _a95 p. | ||
| 534 |
_pTraducción de: _tAjude seu filho a ser feliz |
||
| 650 | 4 |
_aCrianza de niños _96222 |
|
| 905 | _aLibro | ||
| 999 |
_c146539 _d146539 |
||